00925nam a2200265Ia 450000500170000000800390001702000190005610000320007524501020010725000180020930000610022749000130028865000420030165000460034365000350038965000330042470000210045770000170047826400300049533600270052533700330055233800280058504000350061308400110064820220317001141.0160825s2008 sp a g 000 0 spa a978842613190121 aLindgren, Astridd1907-200210aPippi calzaslargascAstrid Lindgren ; ilustraciones Richard Kennedy ; traducción de Blanca Rios a6a. edición a137 páginasbilustraciones en blanco y negroc22 cmb  aJuventud142LEMBaNovela infantil suecaySiglo XX142LEMBaLiteratura infantil suecaySiglo XX142LEMBaNiñas en la literatura142LEMBaHistorias de aventuras1 aKennedy, Richard1 aRios, Blanca aBarcelonabJuventudc2008 atextobtxt2rdacontent asin mediaciónbn2rdamedia avolumenbnc2rdacarrier aCO-BoRNBPbspaerdacCO-BoRNBP aN LIN3